| 000 | 00634nam a2200241Ia 4500 | ||
|---|---|---|---|
| 003 | OSt | ||
| 005 | 20220918174741.0 | ||
| 006 | a|||||r|||| 00| 0 | ||
| 007 | ta | ||
| 008 | 220917b |||||||| |||| 00| 0 eng d | ||
| 024 | _a13,913 | ||
| 037 | _cTextual | ||
| 040 |
_aARTS _cARTS _beng |
||
| 041 |
_2eng _aeng |
||
| 082 | _aN02, E2-;1 | ||
| 100 | _aHavell E B. | ||
| 245 | 0 | _aBasis for artistic and industrial revival in India | |
| 260 |
_aMadras _bThe Theosophist Office India _c1912 |
||
| 300 |
_a197p _ccm. |
||
| 650 | _aARTS | ||
| 942 |
_hN02, E2-;1 _cTEXL _2CC |
||
| 999 |
_c154516 _d154516 |
||